Investment in Europe (Record no. 110022)

MARC details
000 -LEADER
fixed length control field 01030cad a22002295a 4500
001 - CONTROL NUMBER
control field E148366
008 - FIXED-LENGTH DATA ELEMENTS--GENERAL INFORMATION
fixed length control field 090909s2009 fr d f s 000 0 eng d
035 ## - SYSTEM CONTROL NUMBER
System control number (Sirsi) u148366
041 0# - LANGUAGE CODE
Language code of text/sound track or separate title eng
050 04 - LIBRARY OF CONGRESS CALL NUMBER
Classification number 333.33 $2 18
110 2# - MAIN ENTRY--CORPORATE NAME
Corporate name or jurisdiction name as entry element BNP Paribas Real Estate
9 (RLIN) 5715
245 00 - TITLE STATEMENT
Title Investment in Europe
Remainder of title Q2 2009
Medium [electronic resource]
260 ## - PUBLICATION, DISTRIBUTION, ETC.
Place of publication, distribution, etc. [S.l]
Name of publisher, distributor, etc. BNP Paribas Real Estate
Date of publication, distribution, etc. 2009
490 #0 - SERIES STATEMENT
Series statement BNP Paribas Real Estate Investment in Europe
520 ## - SUMMARY, ETC.
Summary, etc. Reports that the European economy will probably under perform for several quarters to come, and we will have to wait until the second half of 2010 to see sustained growth. Suggests that the UK may rebound earlier than this, although the economy is still contracting.
521 ## - TARGET AUDIENCE NOTE
Target audience note Advanced
590 ## - LOCAL NOTE (RLIN)
Local note KA
651 #4 - SUBJECT ADDED ENTRY--GEOGRAPHIC NAME
Geographic name Europe
690 ## - LOCAL SUBJECT ADDED ENTRY--TOPICAL TERM (OCLC, RLIN)
Topical term or geographic name as entry element PROPERTY-COMMERCIAL PROPERTY-COMMERCIAL PROPERTY MARKET
856 40 - ELECTRONIC LOCATION AND ACCESS
Uniform Resource Identifier <a href="https://www.realestate.bnpparibas.co.uk">https://www.realestate.bnpparibas.co.uk</a>
Public note View this report free of charge at www.realestate.bnpparibas.co.uk (see research section)...
942 ## - ADDED ENTRY ELEMENTS (KOHA)
Suppress in OPAC 0
Holdings
Withdrawn status Lost status Source of classification or shelving scheme Damaged status Not for loan Home library Current library Shelving location Date acquired Total Checkouts Full call number Barcode Date last seen Copy number Price effective from Koha item type
    Dewey Decimal Classification     Virtual Virtual Online 09/09/2009   ONLINE PUBLICATION 148366-2001 06/08/2019 1 06/08/2019 Book